All-Time Copa Libertadores Teams - Statistics

General Stats
  • This quiz has been taken 1,108 times
    1,013 since last reset
  • The average score is 71 of 232
Answer Stats
Hint Answer % Correct
Argentina 32 Boca Juniors
95%
Argentina 39 River Plate
94%
Uruguay 1 River Plate
94%
Brazil 16 Santos
86%
Mexico 2 Santos Laguna
86%
Brazil 19 Flamengo
85%
Brazil 21 São Paulo
83%
Chile 36 Colo-Colo
78%
Mexico 7 América
77%
Brazil 9 Fluminense
77%
Brazil 21 Grêmio
76%
Argentina 20 Independiente
76%
Brazil 23 Palmeiras
76%
Brazil 5 Botafogo
74%
Paraguay 9 Nacional
74%
Uruguay 51 Nacional
74%
Brazil 17 Corinthians
73%
Uruguay 48 Peñarol
73%
Argentina 12 Racing
70%
Uruguay 1 Racing
70%
Brazil 15 Internacional
69%
Brazil 9 Vasco da Gama
69%
Brazil 13 Atlético Mineiro
68%
Argentina 16 Estudiantes
68%
Brazil 17 Cruzeiro
67%
Mexico 7 Chivas Guadalajara
66%
Argentina 8 Newell's Old Boys
66%
Ecuador 29 Barcelona SC
64%
Argentina 17 San Lorenzo
64%
Brazil 2 Sport
63%
Argentina 2 Tigre
63%
Argentina 17 Vélez Sarsfield
63%
Venezuela 21 Caracas
61%
Paraguay 46 Olimpia
61%
Chile 29 Universidad Católica
60%
Ecuador 4 Universidad Católica
60%
Colombia 24 Atlético Nacional
58%
Bolivia 37 Bolívar
57%
Argentina 12 Rosario Central
57%
Brazil 9 Athletico Paranaense
56%
Brazil 3 Bahia
56%
Ecuador 20 LDU Quito
56%
Chile 25 Universidad de Chile
56%
Brazil 1 Fortaleza
55%
Mexico 4 Tigres
55%
Mexico 2 Monterrey
54%
Peru 29 Alianza Lima
53%
Argentina 5 Argentinos Juniors
52%
Uruguay 3 Cerro
51%
Bolivia 29 The Strongest
51%
Mexico 3 Cruz Azul
50%
Argentina 6 Lanús
49%
Peru 33 Universitario
49%
Colombia 21 América de Cali
47%
Paraguay 45 Cerro Porteño
47%
Colombia 21 Deportivo Cali
47%
Brazil 2 Chapecoense
46%
Ecuador 10 Deportivo Quito
45%
Argentina 4 Huracán
45%
Paraguay 23 Libertad
45%
Peru 38 Sporting Cristal
45%
Colombia 19 Millonarios
44%
Brazil 3 São Caetano
44%
Brazil 3 Guarani
43%
Paraguay 20 Guaraní
43%
Colombia 17 Junior Barranquilla
43%
Uruguay 4 Liverpool
42%
Brazil 2 Coritiba
41%
Ecuador 29 Emelec
41%
Brazil 1 Goiás
41%
Mexico 3 Pumas
41%
Colombia 13 Santa Fe
41%
Mexico 1 Tijuana
41%
Ecuador 9 Independiente del Valle
40%
Brazil 1 Paraná
40%
Argentina 3 Talleres
40%
Chile 13 Cobreloa
39%
Mexico 2 León
39%
Peru 1 León de Huánuco
39%
Argentina 4 Banfield
38%
Chile 6 Palestino
38%
Argentina 2 Defensa y Justicia
37%
Brazil 1 Juventude
37%
Brazil 1 RB Bragantino
37%
Brazil 1 América Mineiro
36%
Argentina 3 Atlético Tucumán
36%
Argentina 2 Gimnasia y Esgrima
36%
Colombia 8 Once Caldas
36%
Mexico 2 Pachuca
36%
Mexico 3 Toluca
36%
Chile 13 Unión Española
36%
Venezuela 25 Deportivo Táchira
35%
Argentina 4 Arsenal
35%
Chile 2 Cobresal
34%
Uruguay 8 Danubio
34%
Colombia 11 Independiente Medellín
34%
Chile 3 Santiago Wanderers
34%
Argentina 3 Colón
33%
Bolivia 20 Jorge Wilstermann
33%
Argentina 4 Godoy Cruz
32%
Brazil 1 Paysandu
32%
Brazil 1 Criciúma
30%
Uruguay 16 Defensor Sporting
30%
Bolivia 21 Oriente Petrolero
30%
Colombia 9 Tolima
30%
Chile 2 Huachipato
28%
Bolivia 1 La Paz
28%
Mexico 3 Atlas
27%
Brazil 1 Paulista
27%
Brazil 1 Santo André
27%
Bolivia 3 Always Ready
26%
Ecuador 24 El Nacional
26%
Uruguay 10 Montevideo Wanderers
26%
Brazil 1 Náutico
26%
Venezuela 8 Portuguesa
26%
Mexico 1 Puebla
26%
Chile 2 Deportes Iquique
25%
Mexico 2 Necaxa
25%
Brazil 1 Bangu
24%
Chile 3 Everton
24%
Argentina 2 Quilmes
24%
Chile 3 Audax Italiano
23%
Bolivia 7 Blooming
23%
Peru 4 Cusco FC
23%
Peru 7 Melgar
23%
Bolivia 6 Real Potosí
23%
Venezuela 3 Carabobo
22%
Chile 4 O'Higgins
22%
Venezuela 4 Maracaibo
21%
Ecuador 1 Aucas
20%
Chile 1 Ñublense
20%
Argentina 1 Patronato
20%
Peru 6 Cienciano
19%
Argentina 2 Ferrocarril Oeste
19%
Bolivia 8 San José
19%
Venezuela 5 Zamora
19%
Colombia 1 Atlético Bucaramanga
18%
Ecuador 3 Delfín
18%
Chile 1 Coquimbo Unido
17%
Chile 2 Deportes Concepción
17%
Colombia 1 Deportivo Pereira
17%
Mexico 3 San Luis
17%
Paraguay 3 Sportivo Luqueño
17%
Uruguay 1 Cerro Largo
16%
Mexico 1 Jaguares de Chiapas
16%
Mexico 4 Monarcas Morelia
16%
Chile 1 Unión La Calera
16%
Uruguay 1 Boston River
15%
Colombia 1 Deportivo Pasto
15%
Paraguay 6 Sol de América
15%
Bolivia 1 Sport Boys
15%
Peru 6 Sport Boys
15%
Peru 3 Universidad San Martín
15%
Colombia 2 Cúcuta Deportivo
14%
Ecuador 7 Deportivo Cuenca
14%
Uruguay 2 Fénix
14%
Bolivia 2 Aurora
13%
Peru 1 Binacional
13%
Venezuela 7 Estudiantes de Mérida
13%
Chile 1 Magallanes
13%
Venezuela 3 Monagas
13%
Venezuela 3 Valencia
13%
Mexico 1 Atlante
12%
Venezuela 1 Atlético Zulia
12%
Peru 4 Juan Aurich
12%
Venezuela 1 Zulia
12%
Colombia 2 Boyacá Chico
11%
Venezuela 1 Metropolitanos
11%
Uruguay 1 Montevideo City Torque
11%
Peru 1 Sport Huancayo
11%
Chile 3 Universidad de Concepción
11%
Venezuela 5 Deportivo Lara
10%
Bolivia 1 Independiente Petrolero
10%
Bolivia 1 Litoral de Cochabamba
10%
Uruguay 1 Plaza Colonia
10%
Uruguay 3 Progreso
10%
Uruguay 1 Rentistas
10%
Peru 4 Universidad César Vallejo
10%
Venezuela 1 Lara
9%
Venezuela 5 Mineros de Guayana
9%
Chile 1 Rangers
9%
Uruguay 6 Bella Vista
8%
Venezuela 2 Deportivo La Guaira
8%
Uruguay 1 Deportivo Maldonado
8%
Uruguay 1 Rocha
8%
Paraguay 2 Tacuary
8%
Venezuela 2 Trujillanos
8%
Colombia 1 Unión Magdalena
8%
Peru 1 Ayacucho
7%
Bolivia 3 Deportivo Municipal
7%
Peru 2 Deportivo Municipal
7%
Bolivia 2 Guabirá
7%
Chile 1 Unión San Felipe
7%
Paraguay 2 12 de Octubre
6%
Colombia 1 Cortuluá
6%
Mexico 1 Estudiantes Tecos
6%
Venezuela 4 Minervén
6%
Ecuador 4 Olmedo
6%
Bolivia 3 Universitario de Sucre
6%
Peru 1 UTC
6%
Ecuador 3 9 de Octubre
5%
Peru 1 Coronel Bolognesi
5%
Venezuela 3 Deportivo Anzoátegui
5%
Paraguay 1 Deportivo Capiatá
5%
Venezuela 11 Deportivo Petare
5%
Ecuador 1 Espoli
5%
Ecuador 1 Everest
5%
Ecuador 2 Macará
5%
Venezuela 1 Pepeganga
5%
Bolivia 1 Royal Pari
5%
Ecuador 2 Técnico Universitario
5%
Peru 1 Alfonso Ugarte
4%
Bolivia 2 Chaco Petrolero
4%
Peru 1 Defensor Arica
4%
Ecuador 1 Filanbanco
4%
Venezuela 5 Marítimo
4%
Venezuela 3 Universidad de Los Andes
4%
Bolivia 1 Universitário de La Paz
4%
Ecuador 1 Valdez
4%
Bolivia 1 31 de Octubre
3%
Ecuador 2 América de Quito
3%
Peru 1 Atlético Chalaco
3%
Paraguay 2 Atlético Colegiales
3%
Venezuela 1 Atlético San Cristóbal
3%
Peru 1 Atlético Torino
3%
Peru 1 Defensor Lima
3%
Venezuela 9 Deportivo Galicia
3%
Venezuela 1 Deportivo Portugués
3%
Peru 1 San Agustín
3%
Peru 3 Unión Huaral
3%
Venezuela 1 Deportivo Canarias
1%
Venezuela 1 Nacional Táchira
1%
No matching quizzes found
Score Distribution
Percent of People with Each Score
Percentile by Number Answered
Your Score History
You have not taken this quiz since the last reset